000 00823nam a2200229 ar4500
001 3107
005 20221127090658.0
008 130218s su 00010beng d
020 _a9786030056712(pbk)
082 0 4 _a923.1538
_bJ47 2010.
100 1 _aAl Jeraisy, Khalid Ibn Abdul Rahman.
245 1 0 _aKing Abdul Aziz :
_bnoble character /
_cKhaled Al-Jeraisy ; translated by Mohamed Atif Mohamed.
250 _a2nd ed.
260 _aRiyadh :
_bK. A. Al-Jeraisy,
_c2010.
300 _a261 p. ;
_c24 cm
504 _aIncludes bibl. references.
600 0 4 _aAbdul Aziz Ibn Abdul Rahman Al Saud
_vBiography.
600 0 4 _aAbdul Aziz Ibn Abdul Rahman Al Saud,
_cKing of Saudia.
651 4 _aSaudi Arabia
_xKings and rulers.
651 4 _aSaudi Arabia
_xHistory
_y20th century.
700 0 _aMohamed, Mohamed Atif Mogahed,
_etr.
999 _c3105
_d3105